| 000 | 01260nam a22002897a 4500 | ||
|---|---|---|---|
| 003 | OSt | ||
| 005 | 20230316105603.0 | ||
| 007 | cr ||||||a|c|a | ||
| 008 | 230301s mx ao||fom||| 001 0 spa d | ||
| 040 | _erda | ||
| 100 | 1 |
_9133582 _aCabañas Díaz, Alan |
|
| 245 | 1 |
_aEvaluación de métodos de recirculación de solución nutritiva para el cultivo de jitomate manejado en alta densidad de población / _cPor Alan Cabañas Díaz; director de tesis Esaú del Carmen Moreno Pérez |
|
| 264 | 1 |
_aChapingo, México : _bEl autor, _c2020. |
|
| 300 | _a1 recurso en línea (91 páginas). | ||
| 336 |
_2rdacontent _atexto _btxt |
||
| 337 |
_2rdamedia _acomputadora _bc |
||
| 338 |
_2rdacarrier _arecurso en línea _bcr |
||
| 502 |
_bMCH _cFitotecnia _d2020 _gMAE |
||
| 504 | _aIncluye referencias bibliográficas: páginas 70 y 76 | ||
| 650 | 2 |
_9113767 _aTomate _xSistemas de Producción |
|
| 650 | 2 |
_9113701 _aTomate _xCostos de producción |
|
| 650 | 2 |
_9130911 _aSoluciones nutritivas _xAplicación |
|
| 650 | 2 |
_9113702 _aTomate _xCrecimiento |
|
| 700 | 1 |
_978678 _aMoreno Pérez, Esau del Carmen _eDirector de tesis |
|
| 856 |
_uhttp://10.13.5.2/tesis/tm/2020_FI_Cabanas_Diaz_Alan.pdf _zDESCARGAR PDF |
||
| 942 |
_2Clasificación Universidad Autónoma Chapingo _cTD |
||
| 999 |
_c218464 _d218464 |
||